RETURN TO RESISTANCE (Record no. 15475)

MARC details
000 -LEADER
fixed length control field 00444nam a22001817a 4500
003 - CONTROL NUMBER IDENTIFIER
control field OSt
005 - DATE AND TIME OF LATEST TRANSACTION
control field 20211028105943.0
008 - FIXED-LENGTH DATA ELEMENTS--GENERAL INFORMATION
fixed length control field 211028b |||||||| |||| 00| 0 eng d
020 ## - INTERNATIONAL STANDARD BOOK NUMBER
International Standard Book Number 0889367744
040 ## - CATALOGING SOURCE
Transcribing agency HAWASSA UNIVERSITY
050 ## - LIBRARY OF CONGRESS CALL NUMBER
Classification number 631.52/ROB
Item number 2
082 ## - DEWEY DECIMAL CLASSIFICATION NUMBER
Classification number 631.52/ROB
Item number 2
100 ## - MAIN ENTRY--PERSONAL NAME
Personal name ROBINSON RAOUL A.
9 (RLIN) 16002
245 ## - TITLE STATEMENT
Title RETURN TO RESISTANCE
260 ## - PUBLICATION, DISTRIBUTION, ETC.
Place of publication, distribution, etc. AMERICA
Name of publisher, distributor, etc. OTTAWA
Date of publication, distribution, etc. 1996
300 ## - PHYSICAL DESCRIPTION
Extent xv/480
942 ## - ADDED ENTRY ELEMENTS (KOHA)
Source of classification or shelving scheme Dewey Decimal Classification
Koha item type Books like text book referance book
Suppress in OPAC No
Holdings
Withdrawn status Lost status Source of classification or shelving scheme Damaged status Not for loan Home library Current library Date acquired Total Checkouts Full call number Barcode Date last seen Copy number Price effective from Koha item type
    Dewey Decimal Classification     College of Agriculture Library College of Agriculture Library 10/28/2021   631.52/ROB ALIB0002648 10/28/2021 1 10/28/2021 Books like text book referance book
    Dewey Decimal Classification     College of Agriculture Library College of Agriculture Library 10/28/2021   631.52/ROB ALIB0002649 10/28/2021 2 10/28/2021 Books like text book referance book